Les films dans lesquels a joué Marilyn Monroe - Statistiques

Statistiques générales
  • Ce quiz a été pris 4 fois
  • Le résultat moyen est 3 sur 32
Statistiques - réponses
Année de sortie Réponse % Correct
1959 Certains l'aiment chaud
75%
1953 Les hommes préfèrent les blondes
75%
1950 Ève
25%
1961 Les Désaxés
25%
1953 Niagara
25%
1954 Rivière sans retour
25%
1955 Sept Ans de réflexion
25%
1948 Alerte au ranch
0%
1956 Arrêt d'autobus
0%
1948 Bagarre pour une blonde
0%
1951 Chéri, divorçons
0%
1952 Chérie, je me sens rajeunir
0%
1948 Choisie entre toutes
0%
1952 Cinq Mariages à l'essai
0%
1953 Comment épouser un millionaire
0%
1947 Dangerous Years
0%
1951 Home Town Story
0%
1954 La Joyeuse Parade
0%
1949 La Pêche au trésor
0%
1952 La Sarabande des pantins
0%
1952 Le démon s'éveille la nuit
0%
1960 Le Milliardaire
0%
1950 Le Petit Train du Far West
0%
1957 Le Prince et la Danseuse
0%
1948 Les Reines du music-hall
0%
1950 Les Rois de la piste
0%
1962 Marilyn Monroe : Les Derniers Jours
0%
1951 Nid d'amour
0%
1950 Quand la ville dort
0%
1951 Rendez-moi ma femme
0%
1950 Tourment
0%
1952 Troublez-moi ce soir
0%
Aucun quiz correspondant
Distribution des résultats
% des personnes avec chaque résultat
Percentile par nombre de réponses
Votre historique - résultats
Vous n’avez pas pris ce quiz